Institutionalization of peacebuilding: functioning of United Nations peacebuilding Commission in Sierra Leone & Burundi (Record no. 532752)
[ view plain ]
| 000 -LEADER | |
|---|---|
| fixed length control field | 00549nam a22001457a 4500 |
| 020 ## - INTERNATIONAL STANDARD BOOK NUMBER | |
| International Standard Book Number | 9789348788825 |
| 082 ## - DEWEY DECIMAL CLASSIFICATION NUMBER | |
| Classification number | D6 Si64 |
| 100 ## - MAIN ENTRY--PERSONAL NAME | |
| Personal name | Singh, Santosh Kumar |
| 9 (RLIN) | 59707 |
| 245 ## - TITLE STATEMENT | |
| Title | Institutionalization of peacebuilding: functioning of United Nations peacebuilding Commission in Sierra Leone & Burundi |
| Statement of responsibility, etc | by Santosh Kumar Singh |
| 260 ## - PUBLICATION, DISTRIBUTION, ETC. (IMPRINT) | |
| Place of publication, distribution, etc | New Delhi |
| Name of publisher, distributor, etc | Manak |
| Date of publication, distribution, etc | 2025 |
| 300 ## - PHYSICAL DESCRIPTION | |
| Extent | 226p. |
| 650 ## - SUBJECT ADDED ENTRY--TOPICAL TERM | |
| Topical term or geographic name as entry element | United Nations, Peace-building |
| 9 (RLIN) | 59708 |
| 650 ## - SUBJECT ADDED ENTRY--TOPICAL TERM | |
| Topical term or geographic name as entry element | International relations |
| 9 (RLIN) | 59709 |
| 650 ## - SUBJECT ADDED ENTRY--TOPICAL TERM | |
| Topical term or geographic name as entry element | Sierra Leone & Burundi - Politics and government |
| 9 (RLIN) | 59710 |
No items available.
